Natural rubber from Wickham to 21st century (Record no. 63522)

MARC details
000 -LEADER
fixed length control field 00358nam a2200109Ia 4500
100 ## - MAIN ENTRY--AUTHOR NAME
Personal name Baker C S L
245 #0 - TITLE STATEMENT
Title Natural rubber from Wickham to 21st century
260 ## - PUBLICATION, DISTRIBUTION, ETC. (IMPRINT)
Name of publisher Proceedings of the International Conference on Rubbers Calcutta, December 12-14, 1997. V1. p1-5
650 ## - SUBJECT ADDED ENTRY--TOPICAL TERM
Topical Term Natural rubber
942 ## - ADDED ENTRY ELEMENTS (KOHA)
Koha item type Journals
Holdings
Withdrawn status Lost status Damaged status Not for loan Home library Current library Shelving location Date acquired Koha item type
      Journals RRII Library RRII Library Rubber general 17/12/2021 Journals